000 01141nam a2200217 a 4500
008 120416s2000 ||||||||||||||||| || u
020 _a0070402353
050 _aTK 5101 Leo
100 _aLeon-Garcia, Alberto
245 1 0 _aCommunication networks
246 _afundamental concepts and key architectures
260 _aNew Delhi
_bTata McGraw-Hill
_c2000
350 _a0.00
650 _aCOMMUNICATION
650 0 _aTELECOMMUNICATION SYSTEMS
650 0 _aCOMPUTER NETWORKS
995 _aBINDERY (DAMAGED)
_D0.00
_e733080
_FCBU-MAIN LIBRARY (Kitwe)
_H2
_I75.00
_jTK 5101 Leo
_M2
_UDAMAGED
_y44863
_ZMain Library Open Access Collection
995 _aMAIN LIBRARY OPEN ACCESS
_D0.00
_e733079
_FCBU-MAIN LIBRARY (Kitwe)
_H1
_I75.00
_jTK 5101 Leo
_M1
_ULOST
_VMar 7, 2013
_y44866
_ZMain Library Open Access Collection
995 _aMAIN LIBRARY OPEN ACCESS
_D0.00
_e733079
_FCBU-MAIN LIBRARY (Kitwe)
_H1
_I0.00
_jTK 5101 Leo
_M4
_UAVAILABLE
_WApr 16, 2009
_y733079
_ZMain Library Open Access Collection
995 _aBINDERY (DAMAGED)
_D0.00
_e733081
_FCBU-MAIN LIBRARY (Kitwe)
_H3
_I75.00
_jTK 5101 Leo
_M3
_UDAMAGED
_WJul 17, 2006
_y44864
_ZMain Library Open Access Collection
999 _c79538
_d79538